[Event "4NCL Online Division 5"]
[Site "online"]
[Date "2021.09.21"]
[EventDate "2021.09.21"]
[Round "3.103"]
[White "Garrood, Anthony"]
[WhiteElo "1518"]
[WhiteTeam "Guildford Castles 3"]
[Black "Dray-Pearce, Tristan"]
[BlackElo "1640"]
[BlackTeam "War & Piece Nimrod"]
[Result "0-1"]
[PlyCount "96"]

1. e4 e6 2. d4 d5 3. Nc3 Nf6 4. e5 Ne4 5. Nxe4 dxe4 6. Be3 Qd5 7. Ne2 c5 8. Nf4 Qc6 9. a4 Qb6 10. Bb5+ Bd7 11. d5 Bxb5 12. axb5 Nd7 13. dxe6 Nxe5 14. exf7+ Nxf7 15. O-O Bd6 16. Qh5 O-O 17. Ne6 Bxh2+ 18. Qxh2 Qxe6 19. Bxc5 Rfc8 20. Rxa7 Rxa7 21. Bxa7 Rxc2 22. b4 Ng5 23. Bc5 h6 24. Qf4 Qg6 25. Qg3 Kh7 26. Rd1 b6 27. Be3 Rb2 28. Bxg5 Qxg5 29. Qxg5 hxg5 30. Rd4 Rb1+ 31. Kh2 Rb2 32. Kg3 Rb3+ 33. Kg4 Rb2 34. Rxe4 Rxf2 35. Kg3 Rf5 36. Kg4 Rxb5 37. Kh5 g6+ 38. Kg4 Kg7 39. Rd4 Kf6 40. Re4 Kf7 41. Kf3 Kf6 42. Kg4 Rd5 43. Rc4 Rd6 44. b5 Kf7 45. Rb4 Kf6 46. Rc4 Kf7 47. Rb4 Rd5 48. Rc4 Rxb5 0-1

[Event "4NCL Online Division 5"]
[Site "online"]
[Date "2021.09.21"]
[EventDate "2021.09.21"]
[Round "3.104"]
[White "Townend, Ron"]
[WhiteElo "1541"]
[WhiteTeam "War & Piece Nimrod"]
[Black "Kelly, Adam"]
[BlackElo "896"]
[BlackTeam "Guildford Castles 3"]
[Result "1-0"]
[PlyCount "87"]

1. d4 e6 2. c4 d5 3. Nc3 Nf6 4. Nf3 Be7 5. Bf4 O-O 6. e3 b6 7. Nb5 Na6 8. a3 c6 9. Nc3 Bb7 10. Be2 c5 11. O-O Rc8 12. Rc1 Qd7 13. Ne5 Qd8 14. Qa4 Bd6 15. cxd5 Nxd5 16. Nxd5 exd5 17. Bxa6 Qe7 18. Bxb7 Qxb7 19. dxc5 bxc5 20. Nd7 Bxf4 21. Nxf8 Kxf8 22. Qxf4 Qxb2 23. Qd6+ Kg8 24. Rxc5 Qb8 25. Qxb8 Rxb8 26. Rxd5 g6 27. Rfd1 Kg7 28. Rd7 a5 29. Ra7 Rb5 30. a4 Rc5 31. g3 h6 32. Rdd7 Kf6 33. Kg2 Ke6 34. Rxf7 Ke5 35. Rh7 h5 36. Rhg7 Kf5 37. Rgb7 Ke4 38. Rb5 Rc4 39. Raxa5 Kd3 40. Rd5+ Ke2 41. Rg5 Ke1 42. Rxg6 Rc2 43. Rf5 Ra2 44. Rf4 1-0

[Event "4NCL Online Division 5"]
[Site "online"]
[Date "2021.09.21"]
[EventDate "2021.09.21"]
[Round "3.111"]
[White "Jenkins, Simon"]
[WhiteElo "1513"]
[WhiteTeam "Lerryn Clowns"]
[Black "Evans, Daniel"]
[BlackElo "1510"]
[BlackTeam "Harrow 4"]
[Result "1-0"]
[PlyCount "82"]

1. e4 e6 2. f4 c5 3. Nc3 Nc6 4. Bc4 a6 5. d3 b5 6. Bb3 Bd6 7. Nf3 Bb8 8. Ne2 Nge7 9. c3 O-O 10. Bc2 d5 11. e5 d4 12. O-O f6 13. Qe1 Bb7 14. Bb3 fxe5 15. Bxe6+ Kh8 16. Ng5 Qe8 17. Qh4 h6 18. f5 Nd8 19. f6 Ng6 20. fxg7+ Kxg7 21. Rxf8 Qxf8 22. Qh3 hxg5 23. Bxg5 Nxe6 24. Bh6+ Kf7 25. Bxf8 Ngxf8 26. Rf1+ Ke7 27. Qh4+ Kd6 28. Ng3 Ba7 29. Ne4+ Bxe4 30. Qxe4 Rb8 31. c4 bxc4 32. dxc4 Nf4 33. b3 N8e6 34. Re1 Rg8 35. Qxe5+ Kd7 36. g3 d3 37. Qe3 Rg6 38. Kh1 Rh6 39. gxf4 Bb8 40. Qxd3+ Ke7 41. Qe4 Kf6 1-0

[Event "4NCL Online Division 5"]
[Site "online"]
[Date "2021.09.21"]
[EventDate "2021.09.21"]
[Round "3.112"]
[White "Sivanandan, Bodhana"]
[WhiteElo "1588"]
[WhiteTeam "Harrow 4"]
[Black "Reid, Mark"]
[BlackElo "1455"]
[BlackTeam "Lerryn Clowns"]
[Result "0-1"]
[PlyCount "126"]

1. e4 c5 2. Nc3 e6 3. f4 a6 4. a4 d6 5. Bc4 Nc6 6. Nf3 Qc7 7. O-O Nf6 8. d3 Be7 9. Re1 O-O 10. e5 Nd7 11. Qe2 b6 12. Qf1 dxe5 13. fxe5 Ndxe5 14. Nxe5 Nxe5 15. Bf4 Bd6 16. Bxe5 Bxe5 17. Qf3 Bb7 18. Qh3 Bd4+ 19. Kh1 Bxc3 20. bxc3 Bd5 21. Bxd5 exd5 22. Qf5 Rad8 23. Re2 Qd7 24. Qxd7 Rxd7 25. Rae1 h6 26. h3 a5 27. Re7 Rfd8 28. R7e2 d4 29. c4 Kf8 30. Kh2 Rb7 31. Kg3 Rbb8 32. Kf4 Re8 33. Rxe8+ Rxe8 34. Rxe8+ Kxe8 35. Ke5 Ke7 36. h4 h5 37. g3 f6+ 38. Kd5 Kd7 39. Ke4 Ke6 40. Kf4 g6 41. g4 hxg4 42. Kxg4 Ke5 43. h5 gxh5+ 44. Kxh5 Kf4 45. Kg6 f5 46. Kf6 Kg4 47. Ke5 f4 48. Kd6 f3 49. Kc6 f2 50. Kxb6 f1=Q 51. Kxc5 Kf4 52. Kxd4 Qf2+ 53. Kc3 Qe1+ 54. Kb2 Ke3 55. c5 Qb4+ 56. Kc1 Qxc5 57. Kb2 Kd2 58. c4 Kxd3 59. Kb3 Qxc4+ 60. Kb2 Kd2 61. Ka3 Qb4+ 62. Ka2 Kc2 63. Ka1 Qb2# 0-1

[Event "4NCL Online Division 5"]
[Site "online"]
[Date "2021.09.21"]
[EventDate "2021.09.21"]
[Round "3.113"]
[White "Childs, Barry B"]
[WhiteElo "1384"]
[WhiteTeam "Lerryn Clowns"]
[Black "Laza, Andrei"]
[BlackElo "1230"]
[BlackTeam "Harrow 4"]
[Result "1-0"]
[PlyCount "61"]

1. b4 b6 2. Bb2 Bb7 3. e3 e6 4. c4 Nf6 5. a3 d5 6. Nf3 Nbd7 7. cxd5 Bxd5 8. Nc3 Bb7 9. Be2 Be7 10. O-O O-O 11. d3 Nd5 12. e4 Nxc3 13. Bxc3 Bf6 14. e5 Be7 15. d4 Bd5 16. Qc2 g6 17. Bd2 Re8 18. Rac1 c5 19. Bb5 Rc8 20. Qa4 Rc7 21. Bh6 Qc8 22. bxc5 bxc5 23. dxc5 Bxc5 24. Bxd7 Rxd7 25. Rxc5 Qxc5 26. Qxd7 Qe7 27. Qxe7 Rxe7 28. Rc1 Re8 29. Rc7 a5 30. Ng5 Rb8 31. h3 1-0

[Event "4NCL Online Division 5"]
[Site "online"]
[Date "2021.09.21"]
[EventDate "2021.09.21"]
[Round "3.114"]
[White "Evans, Joseph"]
[WhiteElo "956"]
[WhiteTeam "Harrow 4"]
[Black "Hendin, Richard"]
[BlackElo "1314"]
[BlackTeam "Lerryn Clowns"]
[Result "0-1"]
[PlyCount "72"]

1. c4 g6 2. g3 Bg7 3. Bg2 Nc6 4. e3 Nf6 5. Ne2 d6 6. Nbc3 O-O 7. O-O e5 8. d4 exd4 9. exd4 Bd7 10. Re1 a6 11. a4 Rb8 12. Qb3 a5 13. Be3 Nb4 14. Bd2 Bc6 15. Nb5 Bxg2 16. Kxg2 c5 17. dxc5 dxc5 18. Bxb4 axb4 19. Rad1 Qc8 20. Nd6 Qc6+ 21. Kf1 Rbd8 22. Nb5 Rfe8 23. Rxd8 Rxd8 24. Na7 Qh1+ 25. Ng1 Ne4 26. Qe3 Nd2+ 27. Ke2 Qxh2 28. Nf3 Nxf3 29. Qxf3 Bd4 30. Rh1 Re8+ 31. Kd1 Qxf2 32. Qxf2 Bxf2 33. Nb5 Bxg3 34. Rh3 Be5 35. Re3 f6 36. Nd6 Rd8 0-1

[Event "4NCL Online Division 5"]
[Site "online"]
[Date "2021.09.21"]
[EventDate "2021.09.21"]
[Round "3.121"]
[White "Rasalingam, Rishi"]
[WhiteElo "1167"]
[WhiteTeam "Barnet Knights D"]
[Black "Hertog, Alexander"]
[BlackElo "1720"]
[BlackTeam "Oxford 4"]
[Result "1-0"]
[PlyCount "75"]

1. e4 c6 2. d4 d5 3. e5 c5 4. c3 Nc6 5. a3 Qb6 6. Nf3 Bg4 7. dxc5 Qxc5 8. Be3 Qa5 9. b4 Qd8 10. Bb5 e6 11. O-O Ne7 12. h3 Bh5 13. Bf4 a6 14. Be2 h6 15. Nbd2 Bg6 16. b5 axb5 17. Bxb5 Bh7 18. c4 Ng6 19. Bh2 Be7 20. cxd5 Qxd5 21. Bc4 Qd7 22. a4 O-O 23. Qb3 Rab8 24. Rfd1 Qc7 25. Qc3 Rfd8 26. Re1 Bb4 27. Qe3 Ncxe5 28. Rec1 Nxf3+ 29. Nxf3 Bd6 30. Bxe6 Bxh2+ 31. Nxh2 Qe7 32. Bb3 Qxe3 33. fxe3 Rd3 34. Ba2 Rxe3 35. Rc7 Ra3 36. Bxf7+ Kf8 37. Rxa3 Ne5 38. Ba2 1-0

[Event "4NCL Online Division 5"]
[Site "online"]
[Date "2021.09.21"]
[EventDate "2021.09.21"]
[Round "3.122"]
[White "Murawski, Jan"]
[WhiteElo "1571"]
[WhiteTeam "Oxford 4"]
[Black "Rowland, Benjamin"]
[BlackElo "1108"]
[BlackTeam "Barnet Knights D"]
[Result "1-0"]
[PlyCount "105"]

1. d4 Nf6 2. c4 e6 3. Nc3 Bb4 4. Nf3 d5 5. Bg5 O-O 6. e3 Nbd7 7. cxd5 exd5 8. Bd3 Nb6 9. Ne5 Be6 10. O-O h6 11. Bh4 Be7 12. f4 c5 13. g4 cxd4 14. exd4 Nfd7 15. Bg3 Nxe5 16. dxe5 Nc4 17. Bxc4 dxc4 18. f5 Bd7 19. f6 Bc5+ 20. Bf2 Bxf2+ 21. Rxf2 g6 22. Nd5 Kh7 23. h3 Re8 24. Ne7 Qc7 25. Qd6 Qd8 26. Rd1 Be6 27. Rfd2 Qb8 28. Nd5 Rd8 29. Qxb8 Raxb8 30. Nc7 Rxd2 31. Rxd2 Kg8 32. Nxe6 fxe6 33. Rd7 Kf8 34. Rh7 Re8 35. Rh8+ Kf7 36. Rxe8 Kxe8 37. Kf2 g5 38. Ke3 b6 39. Kd4 a6 40. Kxc4 Kd7 41. b4 Ke8 42. a4 Kd7 43. a5 b5+ 44. Kc5 h5 45. gxh5 g4 46. hxg4 Ke8 47. Kd6 Kf7 48. g5 Ke8 49. Kxe6 Kf8 50. g6 Kg8 51. h6 Kf8 52. h7 Ke8 53. h8=Q# 1-0

[Event "4NCL Online Division 5"]
[Site "online"]
[Date "2021.09.21"]
[EventDate "2021.09.21"]
[Round "3.123"]
[White "Kuryan, Elizabeth"]
[WhiteElo "990"]
[WhiteTeam "Barnet Knights D"]
[Black "Henbest, Kevin B"]
[BlackElo "1571"]
[BlackTeam "Oxford 4"]
[Result "0-1"]
[PlyCount "98"]

1. e4 c5 2. c3 Nf6 3. e5 Nd5 4. d4 cxd4 5. cxd4 Nc6 6. Nf3 e6 7. Be2 d6 8. O-O Be7 9. b3 O-O 10. Ba3 dxe5 11. dxe5 Qc7 12. Qc2 Bxa3 13. Nxa3 Nxe5 14. Qxc7 Nxf3+ 15. Bxf3 Nxc7 16. Rac1 Nd5 17. Rfd1 Bd7 18. Bxd5 exd5 19. Rxd5 Bc6 20. Rd3 Rfe8 21. h3 h6 22. Nc4 Re2 23. a3 Rae8 24. Re3 R8xe3 25. Nxe3 Rb2 26. b4 Rb3 27. Ra1 Kf8 28. a4 Rxb4 29. a5 g6 30. Kf1 f5 31. Ke2 Kf7 32. Kd3 Rb2 33. f3 h5 34. Rc1 Ra2 35. Rc5 a6 36. Kc4 Ke6 37. Kd4 Rd2+ 38. Kc3 Ra2 39. Kb4 Ra4+ 40. Kb3 Ra1 41. Nc4 Bd5 42. Kb4 Rb1+ 43. Kc3 Rc1+ 44. Kd4 Rd1+ 45. Kc3 Bxc4 46. Kxc4 Kd6 47. Kb4 Rb1+ 48. Kc4 Rc1+ 49. Kb4 Rxc5 0-1

[Event "4NCL Online Division 5"]
[Site "online"]
[Date "2021.09.21"]
[EventDate "2021.09.21"]
[Round "3.124"]
[White "Kassey, Amaan"]
[WhiteElo "1624"]
[WhiteTeam "Oxford 4"]
[Black "Morin, Julian"]
[BlackElo "897"]
[BlackTeam "Barnet Knights D"]
[Result "1-0"]
[PlyCount "65"]

1. e4 c5 2. Nf3 d6 3. Nc3 Nc6 4. d4 b6 5. Bb5 Bd7 6. d5 Ne5 7. Nxe5 dxe5 8. O-O Nf6 9. Re1 h5 10. Qe2 Nh7 11. Qxh5 g6 12. Qxe5 f6 13. Bxd7+ Qxd7 14. Qe6 Qd8 15. Bf4 Bg7 16. Nb5 Nf8 17. Qc6+ Kf7 18. d6 e5 19. Bg3 Nd7 20. Qd5+ Ke8 21. Nc7+ Kf8 22. Ne6+ Kg8 23. Nxd8+ Kh7 24. Qxa8 f5 25. exf5 gxf5 26. Qc8 f4 27. Bh4 f3 28. Qxd7 fxg2 29. Qf5+ Kg8 30. Bf6 Bxf6 31. Qxf6 Rxh2 32. Qg6+ Kh8 33. Nf7# 1-0

[Event "4NCL Online Division 5"]
[Site "online"]
[Date "2021.09.21"]
[EventDate "2021.09.21"]
[Round "3.131"]
[White "Craig, Andrew D"]
[WhiteElo "1797"]
[WhiteTeam "Catford Cosmonauts 4"]
[Black "Love, James"]
[BlackElo "1597"]
[BlackTeam "Crowthorne 2"]
[Result "0-1"]
[PlyCount "48"]

1. e4 e6 2. b3 d5 3. Bb2 dxe4 4. Nc3 Nf6 5. Qe2 Be7 6. O-O-O O-O 7. Nxe4 Nc6 8. Nf3 b6 9. d4 Bb7 10. Kb1 a5 11. a4 Nb4 12. Nxf6+ Bxf6 13. Rg1 Qd5 14. Qd2 Qh5 15. Be2 Qf5 16. g4 Qg6 17. g5 Be7 18. Ne5 Qf5 19. f4 Be4 20. Rc1 Qh3 21. Bg4 Qxb3 22. Qxb4 axb4 23. Rg3 Qxa4 24. Bxe6 fxe6 0-1

[Event "4NCL Online Division 5"]
[Site "online"]
[Date "2021.09.21"]
[EventDate "2021.09.21"]
[Round "3.132"]
[White "Ganeshbabu, Adarsharun"]
[WhiteElo "1382"]
[WhiteTeam "Crowthorne 2"]
[Black "Marchettini, Cristiano"]
[BlackElo "1515"]
[BlackTeam "Catford Cosmonauts 4"]
[Result "1-0"]
[PlyCount "139"]

1. d4 d5 2. c4 c6 3. Nc3 Nf6 4. e3 Bf5 5. Nf3 e6 6. Qb3 Qb6 7. c5 Qxb3 8. axb3 Nbd7 9. b4 Be7 10. b5 O-O 11. bxc6 bxc6 12. Ba6 Ne4 13. Nxe4 dxe4 14. Nd2 e5 15. Bb7 Rab8 16. Bxc6 exd4 17. Bxd7 Bxd7 18. Rxa7 Rfd8 19. Nxe4 Kf8 20. O-O Bc6 21. Nd6 Bxd6 22. cxd6 Rxd6 23. exd4 Rxd4 24. Be3 Rdb4 25. Bc5+ Ke8 26. Re1+ Kd8 27. Bxb4 Rxb4 28. Re2 Rg4 29. g3 Rc4 30. Rd2+ Kc8 31. Kf1 Bf3 32. Ra1 Bc6 33. f4 Bb5 34. Kf2 Rc6 35. Re1 Rc7 36. Re5 Bd7 37. b4 Rb7 38. Rc5+ Kd8 39. Rcd5 Kc8 40. Rxd7 Rxd7 41. Rxd7 Kxd7 42. Ke3 Kc7 43. Kd4 Kb6 44. Kc4 h5 45. b5 g6 46. Kb4 f6 47. Kc4 g5 48. f5 h4 49. g4 h3 50. Kb4 Kb7 51. Kc5 Kc7 52. b6+ Kb7 53. Kb5 Kb8 54. Kc6 Kc8 55. b7+ Kb8 56. Kd6 Kxb7 57. Ke6 Kc7 58. Kxf6 Kd7 59. Kxg5 Ke7 60. Kh4 Kf6 61. Kxh3 Kg5 62. Kg3 Kf6 63. h4 Kg7 64. Kf4 Kf7 65. Kg5 Kg7 66. f6+ Kh7 67. Kf5 Kg8 68. Kg6 Kf8 69. f7 Ke7 70. Kg7 1-0

[Event "4NCL Online Division 5"]
[Site "online"]
[Date "2021.09.21"]
[EventDate "2021.09.21"]
[Round "3.133"]
[White "Foreman, Anthony"]
[WhiteElo "1492"]
[WhiteTeam "Catford Cosmonauts 4"]
[Black "McKean, Matthew"]
[BlackElo "1000"]
[BlackTeam "Crowthorne 2"]
[Result "1-0"]
[PlyCount "33"]

1. Nf3 d5 2. c4 dxc4 3. e4 Bg4 4. Bxc4 e6 5. d4 Bb4+ 6. Bd2 Bxf3 7. Qxf3 Bxd2+ 8. Nxd2 Qxd4 9. Bb5+ c6 10. Bc4 Nf6 11. O-O-O b5 12. Bb3 O-O 13. Rhe1 a5 14. e5 Qc5+ 15. Bc2 Nfd7 16. Qe4 a4 17. Qxh7# 1-0

[Event "4NCL Online Division 5"]
[Site "online"]
[Date "2021.09.21"]
[EventDate "2021.09.21"]
[Round "3.134"]
[White "De Silva, Teah"]
[WhiteElo "965"]
[WhiteTeam "Crowthorne 2"]
[Black "Hunt, Iain"]
[BlackElo "1238"]
[BlackTeam "Catford Cosmonauts 4"]
[Result "0-1"]
[PlyCount "40"]

1. d4 Nf6 2. Nf3 d5 3. e3 g6 4. c4 Bg7 5. Nc3 O-O 6. Bd3 c5 7. O-O cxd4 8. Nxd4 e5 9. Ndb5 Nc6 10. c5 d4 11. Na4 e4 12. Bc4 d3 13. Nd6 Qe7 14. Nxc8 Raxc8 15. f3 Rcd8 16. g4 Ne5 17. Bb3 Nxf3+ 18. Kh1 Qc7 19. Rf2 Nxg4 20. Rxf3 Qxh2# 0-1

[Event "4NCL Online Division 5"]
[Site "online"]
[Date "2021.09.21"]
[EventDate "2021.09.21"]
[Round "3.141"]
[White "Badacsonyi, Stanley"]
[WhiteElo "1605"]
[WhiteTeam "MHJ Bishops"]
[Black "Cuthbert, Larissa"]
[BlackElo "1349"]
[BlackTeam "Wessex Some Stars H"]
[Result "1-0"]
[PlyCount "169"]

1. d4 Nf6 2. Nc3 g6 3. e4 d6 4. Be3 Bg7 5. f3 O-O 6. Qd2 e5 7. d5 Nfd7 8. O-O-O a6 9. Bh6 Bxh6 10. Qxh6 g5 11. h4 g4 12. fxg4 Kh8 13. Qd2 Nc5 14. g5 Rg8 15. Nf3 Bg4 16. Be2 b5 17. Qe3 b4 18. Nb1 c6 19. Nxe5 dxe5 20. Bxg4 Qa5 21. dxc6 Nxc6 22. Rd5 Nd4 23. Rxd4 exd4 24. Qxd4+ Rg7 25. h5 Rd8 26. Qe3 Nxe4 27. h6 Rgg8 28. Rf1 Qxg5 29. Qxg5 Nxg5 30. Nd2 Ne6 31. Bf3 Nd4 32. Nc4 Nxf3 33. gxf3 Rg6 34. Ne5 Rf6 35. Ng4 Rc6 36. Ne5 Rc7 37. Rg1 Rg8 38. Re1 Rgc8 39. Re2 a5 40. Rg2 Rg8 41. Re2 a4 42. b3 axb3 43. axb3 Rg1+ 44. Kd2 Kg8 45. Nd3 Kf8 46. Nxb4 Rd7+ 47. Nd3 Rh1 48. b4 Rxh6 49. b5 Rb6 50. c4 h5 51. Kc3 h4 52. Rh2 Rbd6 53. Nc5 Rc7 54. Kb4 Rd4 55. b6 Rc8 56. b7 Rb8 57. Kc3 Rd6 58. Rxh4 Ke7 59. Rh1 Rc6 60. Kb4 Kd6 61. Rh6+ Kc7 62. Na6+ Rxa6 63. Rxa6 Rxb7+ 64. Kc5 Kb8 65. Rb6 Rxb6 66. Kxb6 Kc8 67. Kc6 Kd8 68. Kb7 Ke7 69. c5 Ke6 70. c6 Kf5 71. c7 Kf4 72. c8=Q Kxf3 73. Qf5+ Ke3 74. Qxf7 Ke4 75. Qh5 Kf4 76. Kc6 Ke4 77. Kd6 Kd3 78. Qg4 Ke3 79. Kd5 Kf2 80. Qh3 Ke2 81. Ke4 Kd2 82. Qd3+ Kc1 83. Qe2 Kb1 84. Kd3 Kc1 85. Qc2# 1-0

[Event "4NCL Online Division 5"]
[Site "online"]
[Date "2021.09.21"]
[EventDate "2021.09.21"]
[Round "3.142"]
[White "Spirling, Florence"]
[WhiteElo "1109"]
[WhiteTeam "Wessex Some Stars H"]
[Black "Bird, Max"]
[BlackElo "1575"]
[BlackTeam "MHJ Bishops"]
[Result "1/2-1/2"]
[PlyCount "69"]

1. d4 d5 2. Nf3 Nc6 3. Bf4 Nf6 4. Nc3 a6 5. e3 e6 6. Bd3 Bd6 7. Bxd6 Qxd6 8. O-O O-O 9. Re1 Re8 10. Ne2 Bd7 11. b3 Rad8 12. c4 Qe7 13. cxd5 Nxd5 14. Bc4 Nb6 15. Qc2 Nxc4 16. Qxc4 h6 17. Nc3 b5 18. Qd3 Nb4 19. Qd2 c5 20. a3 cxd4 21. Nxd4 e5 22. axb4 exd4 23. Nd5 Qe5 24. Qxd4 Bc6 25. Qxe5 Rxe5 26. Nc3 Rd3 27. Rec1 Bb7 28. Rab1 Rg5 29. g3 Rf5 30. h4 Rd2 31. Rf1 Bf3 32. Rfe1 Bg4 33. f4 Bf3 34. Kf1 g5 35. e4 1/2-1/2

[Event "4NCL Online Division 5"]
[Site "online"]
[Date "2021.09.21"]
[EventDate "2021.09.21"]
[Round "3.143"]
[White "Karia, Kamlesh"]
[WhiteElo "1560"]
[WhiteTeam "MHJ Bishops"]
[Black "Wright, George A"]
[BlackElo "1108"]
[BlackTeam "Wessex Some Stars H"]
[Result "1-0"]
[PlyCount "63"]

1. e4 b6 2. d4 Bb7 3. Bd3 e6 4. Nf3 Nf6 5. Nc3 Bb4 6. Qe2 d5 7. e5 Ne4 8. Bd2 Bxc3 9. bxc3 O-O 10. O-O a6 11. c4 Nxd2 12. Qxd2 dxc4 13. Bxc4 Bxf3 14. gxf3 Qh4 15. Kh1 Nc6 16. c3 Rad8 17. Qe3 b5 18. Bb3 Kh8 19. Rg1 f5 20. Bxe6 f4 21. Qe2 b4 22. Rg4 Qe7 23. d5 Nb8 24. cxb4 c6 25. Rd1 cxd5 26. Bxd5 Rf5 27. Bb3 Rxd1+ 28. Qxd1 Nc6 29. e6 Rg5 30. Rxg5 Qxg5 31. Qd7 Nd8 32. Qe8# 1-0

[Event "4NCL Online Division 5"]
[Site "online"]
[Date "2021.09.21"]
[EventDate "2021.09.21"]
[Round "3.144"]
[White "Lucas, Janet"]
[WhiteElo "1089"]
[WhiteTeam "Wessex Some Stars H"]
[Black "Qiu, Calvin"]
[BlackElo "976"]
[BlackTeam "MHJ Bishops"]
[Result "0-1"]
[PlyCount "83"]

1. e4 e5 2. Nf3 Nc6 3. Bc4 Bc5 4. b4 Bb6 5. d3 Nf6 6. O-O a6 7. Nc3 Nxb4 8. Ba3 a5 9. Ng5 O-O 10. Rb1 h6 11. Nf3 Bc5 12. d4 Nxa2 13. Rb3 Nxc3 14. Rxc3 Bxa3 15. Rxa3 exd4 16. Re1 Qe7 17. Qxd4 Qxa3 18. h3 Qb4 19. c3 Qa4 20. e5 b5 21. exf6 Qxc4 22. Qe5 d6 23. Qe7 g6 24. g4 Be6 25. Nd2 Qxc3 26. Rxe6 Qxd2 27. Qd7 b4 28. Qc6 fxe6 29. Qf3 Qc1+ 30. Kg2 a4 31. f7+ Rxf7 32. Qxa8+ Kg7 33. Qxa4 Qc3 34. Qe8 b3 35. Qxe6 Qc6+ 36. Kg3 b2 37. Qb3 Qc1 38. Qd3 b1=Q 39. Qd4+ Kh7 40. Qd5 Qc3+ 41. Kh4 g5+ 42. Kh5 0-1

[Event "4NCL Online Division 5"]
[Site "online"]
[Date "2021.09.21"]
[EventDate "2021.09.21"]
[Round "3.151"]
[White "Hackney, Leyton"]
[WhiteElo "1597"]
[WhiteTeam "Dundee City D"]
[Black "Lamb, Ian"]
[BlackElo "1638"]
[BlackTeam "Bolton and Worsley 2"]
[Result "0-1"]
[PlyCount "124"]

1. c4 Nf6 2. Nc3 c5 3. Nf3 g6 4. g3 Bg7 5. Bg2 Nc6 6. O-O O-O 7. d4 cxd4 8. Nxd4 Nxd4 9. Qxd4 d6 10. Rd1 Nd7 11. Qd2 Rb8 12. b3 b6 13. Bb2 Bb7 14. e4 a6 15. Nd5 Bxb2 16. Qxb2 Bxd5 17. exd5 Qc7 18. Rac1 Qb7 19. Re1 Nf6 20. Qd4 Rbc8 21. Re2 Rc7 22. Rce1 b5 23. h4 Re8 24. c5 Rxc5 25. b4 Rc4 26. Qb2 Qc7 27. Qxf6 exf6 28. Rxe8+ Kg7 29. R1e7 Rc1+ 30. Kh2 Qc2 31. Re2 Qd1 32. g4 Rc2 33. Bf3 Rxe2 34. Rxe2 Qd4 35. a3 Qf4+ 36. Kg2 f5 37. gxf5 Qxf5 38. h5 Qg5+ 39. Kh3 Qc1 40. hxg6 hxg6 41. Re3 Qf1+ 42. Kg3 Qc1 43. Kg2 Kf6 44. Bg4 Qc4 45. Bf3 Qc7 46. Kg3 g5 47. Bh5 Qc4 48. Rf3+ Ke5 49. Bxf7 Qh4+ 50. Kg2 Qg4+ 51. Rg3 Qf4 52. Be6 Qc1 53. Re3+ Kf6 54. Bc8 Qxc8 55. Re6+ Qxe6 56. dxe6 Kxe6 57. Kf3 Kf5 58. Ke3 Ke5 59. f3 d5 60. Ke2 Kf4 61. Kf2 d4 62. Ke2 d3+ 0-1

[Event "4NCL Online Division 5"]
[Site "online"]
[Date "2021.09.21"]
[EventDate "2021.09.21"]
[Round "3.152"]
[White "Lane, Anthony J"]
[WhiteElo "1711"]
[WhiteTeam "Bolton and Worsley 2"]
[Black "Vijayakumar, Rishi"]
[BlackElo "1497"]
[BlackTeam "Dundee City D"]
[Result "1-0"]
[PlyCount "67"]

1. e4 e6 2. d4 d5 3. exd5 exd5 4. Bd3 Nf6 5. Nc3 Bb4 6. Ne2 O-O 7. Bg5 Nbd7 8. a3 Bxc3+ 9. Nxc3 Re8+ 10. Be2 h6 11. Be3 b6 12. h3 Bb7 13. Qd2 a6 14. g4 c5 15. O-O-O Qe7 16. Rhg1 Ne4 17. Nxe4 Qxe4 18. Bd3 Qf3 19. Rg3 Qf6 20. g5 hxg5 21. Rdg1 c4 22. Bxg5 Qd6 23. Bf4 Qf6 24. Rxg7+ Qxg7 25. Rxg7+ Kxg7 26. Bf5 Bc6 27. Bh6+ Kh8 28. Qg5 Rg8 29. Qh4 Rg1+ 30. Kd2 f6 31. Bf4+ Kg8 32. Qh7+ Kf8 33. Bd6+ Ke8 34. Qe7# 1-0

[Event "4NCL Online Division 5"]
[Site "online"]
[Date "2021.09.21"]
[EventDate "2021.09.21"]
[Round "3.154"]
[White "Houlston, Michael"]
[WhiteElo "1435"]
[WhiteTeam "Bolton and Worsley 2"]
[Black "Banerjee, Angijo"]
[BlackElo "1478"]
[BlackTeam "Dundee City D"]
[Result "0-1"]
[PlyCount "68"]

1. e4 c5 2. Bc4 d6 3. Nc3 Nf6 4. d3 g6 5. Bg5 Bg7 6. Bxf6 Bxf6 7. Nd5 Bxb2 8. Rb1 Bg7 9. h3 O-O 10. Nf3 e6 11. Ne3 b6 12. h4 Bb7 13. h5 Bc3+ 14. Ke2 d5 15. Rb3 Bg7 16. exd5 exd5 17. Bb5 a6 18. hxg6 fxg6 19. Ba4 b5 20. Bxb5 axb5 21. Rxb5 Qc7 22. Ng5 Qc6 23. Rb2 h6 24. Nf3 Bxb2 25. Rxh6 Bg7 26. Rh4 d4 27. Ng4 Qe6+ 28. Kd2 Bxf3 29. gxf3 Qf5 30. Rh8+ Kxh8 31. Qh1+ Kg8 32. Nh6+ Bxh6+ 33. Qxh6 Qf4+ 34. Ke1 Qxh6 0-1

[Event "4NCL Online Division 5"]
[Site "online"]
[Date "2021.09.21"]
[EventDate "2021.09.21"]
[Round "3.161"]
[White "Tillett, Matthew"]
[WhiteElo "1875"]
[WhiteTeam "Streatham B"]
[Black "Murphy, Sean"]
[BlackElo "1990"]
[BlackTeam "Cork"]
[Result "1/2-1/2"]
[PlyCount "55"]

1. e4 c5 2. Nc3 a6 3. Nge2 b5 4. d4 e6 5. Be3 cxd4 6. Nxd4 Bb7 7. Bd3 Nf6 8. f3 Nc6 9. Nxc6 Bxc6 10. O-O d5 11. exd5 Nxd5 12. Nxd5 Qxd5 13. Be4 Qxd1 14. Bxc6+ Qd7 15. Bxd7+ Kxd7 16. c3 Be7 17. a4 Kc6 18. axb5+ axb5 19. Kf2 Rhd8 20. Ke2 e5 21. b3 f5 22. c4 bxc4 23. bxc4 Rdb8 24. Rfb1 Rxa1 25. Rxb8 Ra2+ 26. Kf1 Ra1+ 27. Ke2 Ra2+ 28. Kf1 1/2-1/2

[Event "4NCL Online Division 5"]
[Site "online"]
[Date "2021.09.21"]
[EventDate "2021.09.21"]
[Round "3.162"]
[White "Lawrence, Simon"]
[WhiteElo "1682"]
[WhiteTeam "Cork"]
[Black "Chung, Michael"]
[BlackElo "1643"]
[BlackTeam "Streatham B"]
[Result "1-0"]
[PlyCount "125"]

1. d4 d5 2. c4 c6 3. Nc3 e6 4. Nf3 Bd6 5. e4 dxe4 6. Nxe4 Nf6 7. Nxd6+ Qxd6 8. a3 b6 9. Be2 Bb7 10. O-O Nbd7 11. Qb3 c5 12. Rd1 Qc6 13. d5 Qd6 14. Qe3 e5 15. Qg5 O-O 16. Nh4 Ne8 17. Nf5 Qf6 18. Qg4 Nd6 19. Nh6+ Kh8 20. Bg5 Qg6 21. Be7 Bc8 22. Qxg6 hxg6 23. Bxd6 gxh6 24. Bxf8 Nxf8 25. b4 Bd7 26. bxc5 bxc5 27. Rdb1 Bf5 28. Rb7 Nd7 29. g4 Bxg4 30. Bxg4 Nf6 31. Be2 Kg7 32. Rab1 a5 33. R1b5 Ne4 34. R5b6 Rd8 35. Rc6 a4 36. Rb5 Nc3 37. Rb2 Ne4 38. Bd3 Ng5 39. Kg2 e4 40. Be2 h5 41. Rxc5 Kf6 42. h4 Nh7 43. Rb6+ Ke5 44. d6+ Ke6 45. Rc7 Nf6 46. Re7+ Kf5 47. Rxf7 Ke6 48. Rxf6+ Kxf6 49. c5 Ke6 50. Bc4+ Ke5 51. Bf7 Kf6 52. Rb7 g5 53. hxg5+ Kxg5 54. d7 Kf6 55. Be8 Ke7 56. c6 h4 57. c7 Rxd7 58. c8=Q h3+ 59. Kxh3 e3 60. Qxd7+ Kf6 61. Qf7+ Kg5 62. Rb5+ Kh6 63. Rh5# 1-0

[Event "4NCL Online Division 5"]
[Site "online"]
[Date "2021.09.21"]
[EventDate "2021.09.21"]
[Round "3.163"]
[White "Mo, Alex"]
[WhiteElo "1423"]
[WhiteTeam "Streatham B"]
[Black "Bradley, Michael"]
[BlackElo "1456"]
[BlackTeam "Cork"]
[Result "0-1"]
[PlyCount "62"]

1. d4 Nf6 2. c4 c5 3. d5 b5 4. b3 Qa5+ 5. Nd2 g6 6. Bb2 Bg7 7. Qc2 d6 8. Nf3 Bf5 9. Qc1 O-O 10. Bc3 b4 11. Bb2 Qc7 12. e3 a5 13. Be2 e5 14. Nh4 Bc8 15. O-O Qe7 16. g3 h6 17. Rd1 g5 18. Nhf3 e4 19. Ne1 Bh3 20. Bf1 Bxf1 21. Nxf1 Nbd7 22. Nd2 Ne5 23. Bxe5 Qxe5 24. Rb1 Qf5 25. Ng2 Rae8 26. Qc2 Qh3 27. Nf1 Ng4 28. Qe2 Ne5 29. Ne1 g4 30. Rd2 Nf3+ 31. Nxf3 gxf3 0-1